000 00681nam a2200241Ia 4500
003 OSt
005 20220924115052.0
006 a|||||r|||| 00| 0
007 ta
008 220923b |||||||| |||| 00| 0 per d
024 _a327285
037 _cTextual
040 _aARTS
_cARTS
_bper
041 _2per
_aper
082 _aO164,1JRAw, K1
100 _aUmari Muhammad Yousuf Kokan Au.
_9176616
245 0 _aQazi Raziuddin Murtaza
260 _aChannai
_bUniversity of Madras India
_c1961
300 _a41p.
_ccm.
650 _aPERSIAN POETRY
942 _hO164,1JRAw, K1
_cTEXL
_2CC
999 _c396602
_d396602